Á lódáil...
Practical ways to a powerful personalty
| Príomhúdar: | |
|---|---|
| Formáid: | Printed Book |
| Teanga: | English |
| Foilsithe: |
New Delhi, Orient Paper Backs
1995 |
| Ábhair: |
| LEADER | 005220000a22001690004500 | ||
|---|---|---|---|
| 020 | |a 8122200915 | ||
| 041 | |a eng | ||
| 082 | |a 158.1 N5 | ||
| 100 | |a Weinberg, George |9 117087 | ||
| 245 | |a Practical ways to a powerful personalty | ||
| 260 | |a New Delhi, Orient Paper Backs | ||
| 260 | |a 1995 | ||
| 650 | |a Personal values |9 117088 | ||
| 650 | |a Personality development |9 117089 | ||
| 942 | |c BK | ||
| 999 | |c 167532 |d 167528 | ||
| 952 | |0 0 |1 0 |4 0 |7 0 |9 165966 |a SPS |b SPS |d 2019-04-16 |l 1 |p SPS02149 |q 2020-01-31 |r 2020-01-10 |s 2020-01-10 |w 2019-04-16 |y BK | ||